000 00235nam a2200097Ia 4500
008 170619s9999 xx 000 0 und d
100 _aSpiegel M R
245 0 _aTheory & problems of vector analysis
260 _bNew Dehi: TMH
260 _c2000
546 _aENGLISH
999 _c16061
_d16061